[Event "European Rapid 2022"]
[Site "Katowice POL"]
[Date "2022.12.17"]
[Round "6.57"]
[White "Trzebinski, Patryk"]
[Black "Seemann, Jakub"]
[Result "0-1"]
[BlackTitle "FM"]
[WhiteElo "1792"]
[BlackElo "2365"]
[WhiteFideId "21839034"]
[BlackFideId "21874697"]
[EventDate "2022.12.17"]

1. e4 c5 2. Nf3 Nc6 3. d4 cxd4 4. Nxd4 e5 5. Nb5 d6 6. N1c3 a6 7. Na3 Be6 8. Nc4
Rb8 9. Nd5 Bxd5 10. exd5 Nce7 11. Be2 g6 12. a4 Nf6 13. Bg5 Bg7 14. a5 h6 15.
Bc1 O-O 16. Nb6 Nc8 17. Be3 Nxb6 18. Bxb6 Qe7 19. O-O Nd7 20. Ba7 Rbc8 21. c4 f5
22. b4 e4 23. Rc1 f4 24. Bg4 Ra8 25. Bd4 f3 26. Re1 fxg2 27. Be6+ Kh7 28. Rxe4
Ne5 29. Bxe5 Bxe5 30. Qe2 Qg5 31. Rd1 Rf4 32. f3 Rxe4 33. Qxe4 Rf8 34. Bh3 Rf4
35. Qe2 Rd4 36. Bxg2 Rxd1+ 37. Qxd1 Qe3+ 38. Kf1 Bd4 39. Qe1 Qg1+ 40. Ke2 Qxg2+
41. Kd3 Be5 42. Qe4 Qb2 43. c5 dxc5 44. bxc5 Qb5+ 45. Kd2 Qxa5+ 46. Ke2 Qb5+ 47.
Kd2 Qb2+ 48. Kd3 Qb1+ 49. Ke3 Qxe4+ 50. Kxe4 Bb8 51. d6 Kg7 52. Kd5 Kf6 53. h3
a5 54. Kc4 Ke6 55. Kb5 Bxd6 56. cxd6 Kxd6 0-1

[Event "European Rapid 2022"]
[Site "Katowice POL"]
[Date "2022.12.17"]
[Round "6.58"]
[White "Mitusov, Semen"]
[Black "Kopaczewski, Adam"]
[Result "1-0"]
[WhiteTitle "IM"]
[WhiteElo "2397"]
[BlackElo "2096"]
[WhiteFideId "14151049"]
[BlackFideId "1187309"]
[EventDate "2022.12.17"]

1. e4 e5 2. Nf3 Nc6 3. Bb5 a6 4. Ba4 Nf6 5. O-O b5 6. Bb3 Bc5 7. c3 O-O 8. d4
Bb6 9. dxe5 Nxe4 10. Qd5 Nc5 11. Bc2 Bb7 12. Qd1 d5 13. Bxh7+ Kxh7 14. Ng5+ Kg6
15. Qg4 Qc8 16. Ne6+ 1-0

[Event "European Rapid 2022"]
[Site "Katowice POL"]
[Date "2022.12.17"]
[Round "6.59"]
[White "Novotny, Michal"]
[Black "Mirski, Michal"]
[Result "1-0"]
[WhiteTitle "FM"]
[WhiteElo "2250"]
[BlackElo "1917"]
[WhiteFideId "310980"]
[BlackFideId "1157159"]
[EventDate "2022.12.17"]

1. e4 c5 2. Nf3 d6 3. Bb5+ Nd7 4. Ba4 g6 5. O-O Bg7 6. c3 Nf6 7. Re1 O-O 8. d4
cxd4 9. cxd4 Nb6 10. Bb3 Bg4 11. h3 Bxf3 12. Qxf3 Rc8 13. Nc3 Nfd7 14. Rd1 a6
15. Qe2 e6 16. Bf4 Qe7 17. a4 Rfd8 18. a5 Na8 19. Be3 Nc7 20. Qd2 Qf8 21. Bg5
Bf6 22. Ba4 Bxg5 23. Qxg5 Nb8 24. d5 e5 25. Ra3 Ne8 26. Rb3 h6 27. Qe3 Rc7 28.
Rb6 Kg7 29. f4 Qe7 30. f5 Nd7 31. Bxd7 Rdxd7 32. Rf1 Qg5 33. Qf2 gxf5 34. exf5
Nf6 35. Rb4 Kh7 36. Kh2 Rc5 37. Ne4 Nxe4 38. Rxe4 Rxd5 39. f6 Rd2 40. Qf3 h5 41.
Rf2 Rxf2 42. Qxf2 d5 43. h4 Qg6 44. Rxe5 Rd6 45. Rf5 d4 46. Qf3 Qg4 47. Rxh5+ 1-0

[Event "European Rapid 2022"]
[Site "Katowice POL"]
[Date "2022.12.17"]
[Round "6.60"]
[White "Peyrer, Konstantin"]
[Black "Zhuk, Ivan"]
[Result "1-0"]
[WhiteTitle "FM"]
[WhiteElo "2380"]
[BlackElo "2035"]
[WhiteFideId "1640879"]
[BlackFideId "13508342"]
[EventDate "2022.12.17"]

1. d4 Nf6 2. c4 g6 3. Nc3 Bg7 4. e4 d6 5. h3 O-O 6. Be3 Nbd7 7. Nf3 c5 8. d5 Qa5
9. Nd2 a6 10. a4 Nh5 11. Be2 Ne5 12. O-O Nf6 13. f4 Ned7 14. Nf3 Nh5 15. Qe1 Qb4
16. Rb1 Nb6 17. g4 Nf6 18. e5 Ne8 19. b3 Nd7 20. Bd2 Qb6 21. e6 fxe6 22. dxe6
Ndf6 23. f5 Nc7 24. a5 Qc6 25. Ng5 d5 26. Bf3 Qd6 27. Nf7 Rxf7 28. exf7+ Kf8 29.
cxd5 Ncxd5 30. g5 Nxc3 31. Bxc3 Bxf5 32. Rd1 Qf4 33. gxf6 Bxf6 34. Bxf6 exf6 35.
Bg4 Qg5 36. Qd2 Qh4 37. Qd6+ Kxf7 38. Bxf5 gxf5 39. Qd7+ Kg8 40. Qxf5 1-0

[Event "European Rapid 2022"]
[Site "Katowice POL"]
[Date "2022.12.17"]
[Round "6.61"]
[White "Ivanov, Taras"]
[Black "Spalir, Jernej"]
[Result "0-1"]
[BlackTitle "IM"]
[WhiteElo "1716"]
[BlackElo "2377"]
[WhiteFideId "14184117"]
[BlackFideId "14606518"]
[EventDate "2022.12.17"]

1. d4 d5 2. g3 Nf6 3. Bg2 c6 4. Nf3 Bg4 5. c4 dxc4 6. O-O e6 7. Ne5 Bh5 8. Nxc4
Be7 9. Nc3 O-O 10. Bf4 Nd5 11. Qd2 Nd7 12. Bd6 N7b6 13. Nxb6 axb6 14. Bxe7 Qxe7
15. Nxd5 exd5 16. e3 b5 17. b4 Ra3 18. Rfb1 Rfa8 19. Rb2 Bg6 20. Bf1 h5 21. h4
Be4 22. Qe2 g6 23. Qd1 Qf6 24. Bg2 Bf5 25. Bf1 Kg7 26. Qd2 g5 27. hxg5 Qxg5 28.
Bg2 Qg6 29. Rc1 h4 30. gxh4 Be4 31. f4 Qg3 32. Rc3 Kf6 33. Rxa3 Rxa3 34. Rb3 Ra8
35. Kf1 Rg8 36. Rb2 Qh2 0-1

[Event "European Rapid 2022"]
[Site "Katowice POL"]
[Date "2022.12.17"]
[Round "6.62"]
[White "Donchenko, Alexander"]
[Black "Krawczyk, Flawian"]
[Result "1-0"]
[WhiteTitle "GM"]
[WhiteElo "2636"]
[BlackElo "1988"]
[WhiteFideId "24603295"]
[BlackFideId "21881413"]
[EventDate "2022.12.17"]

1. d4 d5 2. c4 e6 3. Nc3 Bb4 4. e3 Nf6 5. a3 Bxc3+ 6. bxc3 O-O 7. cxd5 exd5 8.
Bd3 c5 9. Ne2 Nc6 10. O-O Qe7 11. a4 b6 12. f3 Rd8 13. Kh1 Na5 14. Ra2 Bb7 15.
Ng3 Rac8 16. Re2 cxd4 17. cxd4 Nc4 18. e4 Nd7 19. e5 Nf8 20. f4 Qb4 21. f5 Na5
22. e6 fxe6 23. f6 gxf6 24. Nh5 f5 25. Bg5 Qxd4 26. Rxe6 Nxe6 27. Bxf5 Qe5 28.
Bf6 Qe3 29. Qg4+ 1-0

[Event "European Rapid 2022"]
[Site "Katowice POL"]
[Date "2022.12.17"]
[Round "6.63"]
[White "Hrebenshchykova, Yelyzaveta"]
[Black "Vogel, Roven"]
[Result "0-1"]
[BlackTitle "IM"]
[WhiteElo "2289"]
[BlackElo "2463"]
[WhiteFideId "14159899"]
[BlackFideId "12908088"]
[EventDate "2022.12.17"]

1. e4 c5 2. Nf3 d6 3. d4 cxd4 4. Nxd4 Nf6 5. Nc3 Nc6 6. Bc4 Qb6 7. Nb3 e6 8. O-O
a6 9. a4 Be7 10. Be3 Qc7 11. f4 O-O 12. Bd3 b6 13. Qf3 Bb7 14. Qh3 Nb4 15. a5
bxa5 16. Nxa5 d5 17. e5 Ne4 18. Nxb7 Qxb7 19. f5 exf5 20. Qxf5 Nxd3 21. cxd3
Nxc3 22. bxc3 Qc6 23. Bd4 a5 24. Rf3 a4 25. Rg3 Qe6 26. Qh5 a3 27. Rh3 h6 28.
Qe2 Rfb8 29. c4 dxc4 30. dxc4 Ra4 31. Rc3 Rb2 32. Qf3 a2 33. Rcc1 Rbb4 34. Qe2
Rxc4 35. Bb2 Rxc1+ 36. Rxc1 Ba3 37. h3 Qb6+ 38. Kh1 Bxb2 39. Rc8+ Kh7 40. Qc2+
Qg6 41. Qxa4 a1=Q+ 0-1

[Event "European Rapid 2022"]
[Site "Katowice POL"]
[Date "2022.12.17"]
[Round "6.64"]
[White "Mikhalchishin, Adrian"]
[Black "Kuegel, Tobias"]
[Result "1-0"]
[WhiteTitle "GM"]
[BlackTitle "FM"]
[WhiteElo "2455"]
[BlackElo "2309"]
[WhiteFideId "14602385"]
[BlackFideId "4636295"]
[EventDate "2022.12.17"]

1. d4 Nf6 2. Nf3 d5 3. c4 e6 4. Nc3 dxc4 5. e3 a6 6. a4 c5 7. Bxc4 cxd4 8. exd4
Nc6 9. O-O Be7 10. Be3 O-O 11. Qe2 b6 12. Rad1 Bb7 13. Ne5 Nb4 14. f4 Nbd5 15.
f5 exf5 16. Rxf5 Nxe3 17. Qxe3 Qc7 18. Rdf1 Rad8 19. Rxf6 Bxf6 20. Rxf6 gxf6 21.
Qg3+ Kh8 22. Ng6+ hxg6 23. Qxc7 1-0

[Event "European Rapid 2022"]
[Site "Katowice POL"]
[Date "2022.12.17"]
[Round "6.65"]
[White "Varvadoukas, Theodoros"]
[Black "De Filomeno, Simone"]
[Result "1-0"]
[BlackTitle "IM"]
[WhiteElo "2109"]
[BlackElo "2450"]
[WhiteFideId "4210735"]
[BlackFideId "828688"]
[EventDate "2022.12.17"]

1. c4 Nf6 2. Nf3 c5 3. Nc3 Nc6 4. g3 g6 5. Bg2 Bg7 6. O-O O-O 7. d4 cxd4 8. Nxd4
d6 9. Nxc6 bxc6 10. Bxc6 Rb8 11. Bg2 Be6 12. b3 Qa5 13. Bd2 Qh5 14. e4 Bg4 15.
f3 Be6 16. Rc1 Nd7 17. Be3 Qa5 18. Bd4 Bxd4+ 19. Qxd4 Ne5 20. f4 Nc6 21. Qe3
Rfc8 22. Rf2 f6 23. Nd5 Qc5 24. Qxc5 dxc5 25. Rd1 Kf8 26. h3 Nd4 27. Nc3 Rd8 28.
Rfd2 Bd7 29. Kf2 e5 30. Nd5 Kg7 31. Ke3 Bc6 32. Nc3 Rd6 33. h4 Rbd8 34. Nd5 Bxd5
35. cxd5 Ra6 36. Rc1 Ra5 37. Bh3 Rd6 38. Rc4 Kf8 39. Bg4 Rda6 40. Bd1 Ke7 41. a4
Rb6 42. Rd3 Kd6 43. Rdc3 h6 44. Rd3 Rb4 45. Rxb4 cxb4 46. Rxd4 exd4+ 47. Kxd4
Kc7 48. Be2 Kb6 49. e5 fxe5+ 50. fxe5 Rc5 51. Bc4 Rc8 52. d6 g5 53. hxg5 hxg5
54. Kd5 Rc5+ 55. Ke6 Rxc4 56. bxc4 b3 57. d7 Kc7 58. Ke7 1-0

[Event "European Rapid 2022"]
[Site "Katowice POL"]
[Date "2022.12.17"]
[Round "6.66"]
[White "Wisniewski, Michal"]
[Black "Nasuta, Grzegorz"]
[Result "1-0"]
[WhiteTitle "FM"]
[BlackTitle "GM"]
[WhiteElo "2168"]
[BlackElo "2546"]
[WhiteFideId "1159682"]
[BlackFideId "1141686"]
[EventDate "2022.12.17"]

1. Nf3 d5 2. e3 Nf6 3. c4 c6 4. b3 Bf5 5. Bb2 e6 6. Be2 h6 7. O-O Be7 8. d4 O-O
9. Nbd2 Nbd7 10. a4 Bb4 11. Qc1 Qe7 12. Bc3 Rac8 13. c5 Bxc3 14. Qxc3 e5 15.
Nxe5 Nxe5 16. dxe5 Nd7 17. b4 Nxe5 18. Nf3 Nxf3+ 19. Bxf3 Rfe8 20. Rfd1 Qc7 21.
Rac1 Re7 22. Rd4 Rce8 23. Rcd1 Re5 24. R1d2 Qe7 25. h3 Qf6 26. b5 Bxh3 27. Bxd5
Rxd5 28. gxh3 Rg5+ 29. Kf1 Qf3 30. h4 Rg2 31. Rf4 Qh3 32. Ke2 Rg1 33. Qc4 Qf1+
34. Kf3 Qg2+ 35. Ke2 Qf1+ 36. Kf3 Qg2+ 37. Ke2 Qg6 38. Rd7 Rf8 39. Rxb7 Qh5+ 40.
Rf3 Qe5 41. Rfxf7 Qh5+ 42. Rf3+ Kh8 43. Rf7 Rd8 44. Rf5 Rgd1 45. Qc2 Qg4 46. Rf4
Qh5 47. Qxd1 Rxd1 48. Kxd1 Qxc5 49. bxc6 Qxc6 50. Rg3 Qc3 51. Ke2 h5 52. Rg5 Kg8
53. Kf3 Qc6+ 54. Kg3 Qh1 55. Rd4 Qg1+ 56. Kf3 Qh1+ 57. Ke2 Qb1 58. Rxh5 Qa2+ 59.
Kf1 Qb1+ 60. Kg2 Qb7+ 61. Rhd5 Qc6 62. Kg3 Qc7+ 63. Rf4 Qc1 64. Rg5 Qg1+ 65. Kf3
Qh1+ 66. Ke2 Qb1 67. Rfg4 Qc2+ 68. Kf1 Qc1+ 69. Kg2 Qc6+ 70. Kh2 Qc7+ 71. Kh3
Qc1 72. Rxg7+ Kh8 73. R7g5 1-0

[Event "European Rapid 2022"]
[Site "Katowice POL"]
[Date "2022.12.17"]
[Round "6.67"]
[White "Stevanic, David"]
[Black "Drazic, Sinisa"]
[Result "1-0"]
[WhiteTitle "FM"]
[BlackTitle "GM"]
[WhiteElo "2249"]
[BlackElo "2372"]
[WhiteFideId "14613921"]
[BlackFideId "901172"]
[EventDate "2022.12.17"]

1. e4 e6 2. d4 d5 3. Nc3 h6 4. e5 c5 5. f4 cxd4 6. Nb5 Nc6 7. Nxd4 Nxd4 8. Qxd4
Ne7 9. Nf3 Nc6 10. Qf2 Bb4+ 11. c3 Ba5 12. Be3 O-O 13. Bd3 f6 14. exf6 Qxf6 15.
O-O Bd7 16. Rae1 Bc7 17. Nd4 e5 18. fxe5 Qxf2+ 19. Bxf2 Nxe5 20. Bb5 Nc6 21.
Bxc6 bxc6 22. Re7 Rad8 23. Ne6 Bxe6 24. Rxc7 Rc8 25. Rxa7 Rf7 26. Rxf7 Bxf7 27.
a4 Bg6 28. Bc5 Ra8 29. Ra1 Bd3 30. a5 Kf7 31. Kf2 Ba6 32. Ra4 Rb8 33. Bb6 Re8
34. Be3 Rb8 35. b4 Re8 36. Ra1 Re5 37. g4 h5 38. gxh5 Rxh5 39. Kg3 Ke6 40. h4
Rf5 41. Re1 Re5 42. Kf2 Rf5+ 43. Bf4+ Kd7 44. Kf3 Rf6 45. Rg1 g6 46. Rg5 Bb5 47.
Ke3 Kc8 48. Be5 Re6 49. Kd4 Kb7 50. h5 gxh5 51. Rxh5 Rg6 52. Rh7+ Ka6 53. Bb8
Rg4+ 54. Ke5 Bd3 55. Ra7+ Kb5 56. Rb7+ Ka4 57. Rb6 Kb3 58. Rxc6 Rg8 59. Rb6 Bc4
60. Kd4 Rg4+ 61. Kc5 Kxc3 62. b5 d4 63. a6 Rg5+ 64. Kc6 Rg6+ 65. Bd6 d3 66. a7
d2 67. a8=Q d1=Q 68. Qa3+ Bb3 69. Qc5+ Kb2 70. Qe5+ Kb1 71. Ra6 Qh1+ 72. Kb6
Qg1+ 73. Kb7 Qg2+ 74. Ka7 Qf2+ 75. b6 Qf7+ 76. Bc7 Ba2 77. Ra5 Rg4 78. Qe1+ Kc2
79. Qe2+ 1-0

[Event "European Rapid 2022"]
[Site "Katowice POL"]
[Date "2022.12.17"]
[Round "6.68"]
[White "Janeczko, Jakub"]
[Black "Horvath, Dominik"]
[Result "1-0"]
[BlackTitle "IM"]
[WhiteElo "2247"]
[BlackElo "2502"]
[WhiteFideId "21871655"]
[BlackFideId "1642561"]
[EventDate "2022.12.17"]

1. e4 c5 2. d3 d5 3. exd5 Nf6 4. c4 e6 5. dxe6 Bxe6 6. Nf3 Nc6 7. Be2 Bd6 8. Nc3
Qd7 9. Nb5 Bb8 10. d4 a6 11. d5 axb5 12. dxe6 Qxd1+ 13. Kxd1 fxe6 14. cxb5 Nb4
15. Bc4 O-O 16. Ke2 Kh8 17. Rd1 e5 18. Ng5 h6 19. Nf7+ Kh7 20. Be3 b6 21. a3 Nc2
22. Bd3+ e4 23. Bxc2 Rxf7 24. Rd8 Rfa7 25. f4 Bc7 26. Rxa8 Rxa8 27. Rd1 Kh8 28.
g3 Re8 29. Bb3 Ng4 30. h3 Nxe3 31. Kxe3 Bd8 32. Rd6 Bf6 33. Rxb6 Bxb2 34. Re6
Rd8 35. Kxe4 c4 36. Bxc4 Rd4+ 37. Kf5 Rxc4 38. Kg6 Rc8 39. b6 Bxa3 40. b7 Rg8
41. Rc6 Be7 42. Rc8 Bd6 43. Kf7 1-0

[Event "European Rapid 2022"]
[Site "Katowice POL"]
[Date "2022.12.17"]
[Round "6.69"]
[White "Salna, Aleksandras"]
[Black "Manik, Mikulas"]
[Result "0-1"]
[BlackTitle "GM"]
[WhiteElo "2191"]
[BlackElo "2359"]
[WhiteFideId "12807575"]
[BlackFideId "14900734"]
[EventDate "2022.12.17"]

1. d4 Nf6 2. c4 d6 3. Nf3 g6 4. Bg5 Bg7 5. e3 h6 6. Bh4 c5 7. Nc3 g5 8. Bg3 Nh5
9. Be2 O-O 10. Qc2 f5 11. dxc5 Nxg3 12. hxg3 dxc5 13. Rd1 Qe8 14. g4 Nc6 15. Nd5
Qf7 16. gxf5 Bxf5 17. e4 Bg4 18. Ne3 Bxf3 19. Bxf3 Nd4 20. Rxd4 cxd4 21. Nf5 Qf6
22. Ng3 d3 23. Qxd3 g4 24. e5 Qxe5+ 25. Be4 Rad8 26. Qe2 Qa5+ 27. Kf1 Rxf2+ 28.
Kxf2 Rd2 29. Bd5+ Kh8 30. Nf5 Qb6+ 0-1

[Event "European Rapid 2022"]
[Site "Katowice POL"]
[Date "2022.12.17"]
[Round "6.70"]
[White "D'Costa, Lorin"]
[Black "Dehtiarov, Roman"]
[Result "1-0"]
[WhiteTitle "IM"]
[BlackTitle "FM"]
[WhiteElo "2375"]
[BlackElo "2300"]
[WhiteFideId "409219"]
[BlackFideId "14186640"]
[EventDate "2022.12.17"]

1. Nf3 Nf6 2. c4 e6 3. g3 d5 4. Bg2 Be7 5. O-O O-O 6. d4 dxc4 7. Qc2 a6 8. a4
Bd7 9. Rd1 Bc6 10. Nc3 Nbd7 11. e4 b5 12. d5 exd5 13. exd5 Bb7 14. Nd4 Nc5 15.
axb5 axb5 16. Rxa8 Bxa8 17. Ncxb5 Qd7 18. Nc6 Bxc6 19. dxc6 Qc8 20. Qxc4 Rd8 21.
Rxd8+ Qxd8 22. Be3 Ne6 23. Nd4 Nxd4 24. Bxd4 Ne8 25. b4 Qb8 26. Bc3 Nd6 27. Qg4
Bf8 28. Qe2 Nb5 29. Bd2 Nd6 30. Bf1 Qb6 31. b5 h6 32. Qd3 Qb8 33. Be3 Qd8 34.
Qd4 Qa8 35. Bd3 Be7 36. Qe5 Bf6 37. Qd5 Qb8 38. Bf4 Be7 39. Be3 Bf6 40. Bc5 Be7
41. Qb3 Nc8 42. Be3 Nb6 43. Bg6 Qf8 44. Bxb6 cxb6 45. c7 Bd6 46. Qxf7+ 1-0

[Event "European Rapid 2022"]
[Site "Katowice POL"]
[Date "2022.12.17"]
[Round "6.71"]
[White "Ondozi, Murtez"]
[Black "Saraci, Korab"]
[Result "1/2-1/2"]
[WhiteTitle "FM"]
[WhiteElo "2406"]
[BlackElo "2192"]
[WhiteFideId "937576"]
[BlackFideId "4701968"]
[EventDate "2022.12.17"]

1. d4 Nf6 2. c4 e5 3. dxe5 Ng4 4. Nf3 Nc6 5. Nc3 Ngxe5 6. Nxe5 Nxe5 7. e3 Bb4 8.
Bd2 b6 9. Be2 Bb7 10. O-O Bxc3 11. Bxc3 Qg5 12. g3 Qf5 13. f3 d6 14. e4 Qg6 15.
Rf2 O-O 16. Qd2 Kh8 17. Qe3 f5 18. Bxe5 dxe5 19. exf5 Qxf5 20. Bd3 Qe6 21. Be4
Bxe4 22. Qxe4 Rad8 23. b3 Rd4 24. Qe3 Re8 25. Re1 Qd6 26. Qg5 h6 27. Qh5 Re7 28.
Rfe2 Rd2 29. Qf5 Rxe2 30. Rxe2 Re8 31. Qe4 Kg8 32. f4 Qc5+ 33. Kg2 Re6 34. fxe5
a5 35. Qd5 Qe7 36. h4 Kh8 37. Qa8+ Kh7 38. Qe4+ Kh8 39. Qf5 a4 40. bxa4 Qd7 41.
Kh2 Qc6 42. Rd2 Qe8 43. Re2 Qc6 44. c5 bxc5 45. Qe4 Qe8 46. Qd5 c4 47. a5 c3 48.
a4 c2 49. Rxc2 Rxe5 50. Qc4 Rxa5 51. Ra2 Qe5 52. Qb4 Qd5 53. Rf2 Ra8 54. a5 c5
55. Qb5 Qd4 56. Rc2 Rc8 57. Qb7 Re8 58. a6 Qd1 59. Qg2 Qd8 60. Rxc5 Qb6 61. Rc6
Qa5 62. Qc2 Rd8 63. Rc8 Rxc8 64. Qxc8+ Kh7 65. Qc2+ Kg8 66. Qc4+ Kh8 67. Qe6
Qd2+ 68. Kh3 Qa5 69. Qc8+ Kh7 70. Qc2+ Kh8 71. Qd3 Qa1 72. Kg4 Qa4+ 73. Kf3 Qc6+
74. Ke3 Qb6+ 75. Kf4 Qf6+ 76. Kg4 Qf2 77. Qb5 Kg8 78. Qb7 h5+ 79. Kh3 Qf1+ 80.
Kh2 Qe2+ 81. Kg1 Qe1+ 82. Kg2 Qe2+ 83. Kh3 Qg4+ 84. Kh2 Qe2+ 85. Kh1 Qe1+ 86.
Kh2 Qe2+ 87. Qg2 Qxa6 88. Qd5+ Kf8 89. Qxh5 Qa2+ 90. Kh3 Kg8 91. Qe8+ Kh7 92.
Qe4+ Kg8 93. Kg4 Qf7 94. Qf5 Qc4+ 95. Kh3 Qa2 96. h5 Qa8 97. Qe6+ Kh8 98. Qe5
Qh1+ 99. Kg4 Qd1+ 100. Kg5 Qd2+ 101. Kg6 Qc2+ 102. Kf7 Qc4+ 103. Kf8 Qc8+ 104.
Qe8 Qf5+ 105. Qf7 Qc8+ 106. Qe8 Qf5+ 107. Qf7 Qc8+ 108. Ke7 Qc7+ 109. Ke6 Qxg3
110. Qg6 Qxg6+ 111. hxg6 Kg8 112. Ke7 Kh8 1/2-1/2

[Event "European Rapid 2022"]
[Site "Katowice POL"]
[Date "2022.12.17"]
[Round "6.72"]
[White "Piesik, Piotr"]
[Black "Buchicchio, Giampaolo"]
[Result "1-0"]
[WhiteTitle "IM"]
[BlackTitle "FM"]
[WhiteElo "2420"]
[BlackElo "2259"]
[WhiteFideId "1136194"]
[BlackFideId "811491"]
[EventDate "2022.12.17"]

1. Nf3 d5 2. g3 Nf6 3. Bg2 c6 4. O-O h6 5. c4 Nbd7 6. d3 Nb6 7. b3 Bf5 8. Bb2 e6
9. Nbd2 Be7 10. Qc2 O-O 11. e4 dxe4 12. dxe4 Bh7 13. Rad1 Nbd7 14. Rfe1 a5 15.
a3 Qb6 16. Bd4 Bc5 17. Qc3 Rfd8 18. Re2 Bxd4 19. Nxd4 Nc5 20. e5 Ne8 21. Re3 Na4
22. bxa4 Qxd4 23. Qb3 Rd7 24. Bf3 Qa7 25. Ne4 Rxd1+ 26. Qxd1 Qb6 27. c5 Qb2 28.
Nd6 Bc2 29. Qd2 Qa1+ 30. Kg2 Bxa4 31. Nc4 Bb5 32. Re1 Qxe1 33. Qxe1 Bxc4 34. Qb1
Ba6 35. Qb6 a4 36. Bxc6 bxc6 37. Qxc6 Bc4 38. f3 Bd5 39. Qb5 Kf8 40. Kf2 Rc8 41.
Ke3 Bc6 42. Qa6 Rc7 43. f4 g6 44. g4 h5 45. h3 Ke7 46. Kf2 Ng7 47. Kg3 hxg4 48.
hxg4 Ne8 49. Kh4 f6 50. Qd3 f5 51. Kg5 fxg4 52. Kxg4 Kf7 53. Kg5 Kf8 54. Qh3 Rf7
55. Qxe6 Bd7 56. Qc4 Rf5+ 57. Kh4 Rh5+ 58. Kg3 Bc6 59. Qe6 Be4 60. c6 Ng7 61.
Qf6+ Kg8 62. c7 Nf5+ 63. Kf2 Rh2+ 64. Ke1 Rh1+ 65. Kd2 Rh2+ 66. Kc3 Rc2+ 67. Kb4
Rxc7 68. Qd8+ 1-0

[Event "European Rapid 2022"]
[Site "Katowice POL"]
[Date "2022.12.17"]
[Round "6.73"]
[White "Kuzmicz, Krystian"]
[Black "Hrabinska, Myroslava"]
[Result "1-0"]
[WhiteTitle "IM"]
[BlackTitle "WGM"]
[WhiteElo "2466"]
[BlackElo "2210"]
[WhiteFideId "1119125"]
[BlackFideId "14109190"]
[EventDate "2022.12.17"]

1. e4 c5 2. d3 Nc6 3. g3 g6 4. Bg2 Bg7 5. f4 e6 6. Nf3 d5 7. O-O Nge7 8. c3 Rb8
9. e5 Nf5 10. Qe1 h5 11. Qf2 b6 12. d4 cxd4 13. cxd4 Ba6 14. Rd1 Bf8 15. Nc3 Be7
16. h3 Rc8 17. g4 hxg4 18. hxg4 Nh4 19. Nxh4 Rxh4 20. Qf3 Kd7 21. Be3 Na5 22.
Bf2 Rh8 23. Rac1 Nc4 24. b3 Na5 25. Bf1 Bxf1 26. Kxf1 Ba3 27. Rc2 Ke7 28. f5
gxf5 29. gxf5 Qg8 30. Nxd5+ exd5 31. f6+ Ke6 32. Rxc8 1-0

[Event "European Rapid 2022"]
[Site "Katowice POL"]
[Date "2022.12.17"]
[Round "6.74"]
[White "Dzierzak, Radoslaw"]
[Black "Arkell, Keith C"]
[Result "1/2-1/2"]
[WhiteTitle "FM"]
[BlackTitle "GM"]
[WhiteElo "2211"]
[BlackElo "2406"]
[WhiteFideId "1161407"]
[BlackFideId "400270"]
[EventDate "2022.12.17"]

1. e4 c6 2. Nf3 d5 3. Nc3 Bg4 4. d4 dxe4 5. Nxe4 Nd7 6. h3 Bxf3 7. Qxf3 Ndf6 8.
c3 Nxe4 9. Qxe4 Nf6 10. Qf3 e6 11. Be2 Be7 12. O-O O-O 13. Bf4 Nd5 14. Bg3 Bd6
15. Rac1 Bxg3 16. Qxg3 Qb8 17. Qxb8 Raxb8 18. Bf3 b5 19. b3 Rfd8 20. Rfd1 g6 21.
g3 Rd6 22. Kf1 Rbd8 23. a3 a5 24. b4 axb4 25. cxb4 Ne7 26. g4 Ra8 27. Rc3 Ra6
28. Ke2 g5 29. Ke3 Kf8 30. Rdd3 Ng6 31. Rc5 h6 32. Rdc3 Ne7 33. Be4 Ke8 34. h4
f6 35. Rd3 Rd8 36. hxg5 hxg5 37. f4 gxf4+ 38. Kxf4 Kd7 39. Rh3 Kd6 40. Rh6 Rf8
41. Rc3 Ra7 42. Rg3 Nd5+ 43. Bxd5 Kxd5 44. Rc3 Rg7 45. Rh5+ Kxd4 46. Rxc6 e5+
47. Kf3 Ra7 48. Rd6+ Kc4 49. Rc6+ Kd5 50. Rc5+ Kd4 51. Rxb5 Rxa3+ 52. Kf2 Rc8
53. Rc5 Rb8 54. Rc2 Rxb4 55. Rd2+ Ke4 56. Re2+ Kf4 57. Rf5+ Kxg4 58. Rxf6 e4 59.
Rf8 Rh3 60. Rg8+ Kf4 61. Rf8+ Ke5 62. Re8+ Kd5 63. Rd8+ Ke5 64. Re8+ Kf5 65.
Rf8+ Kg6 66. Rg8+ Kf7 67. Rg4 Rh2+ 68. Rg2 Rxg2+ 69. Kxg2 Kf6 70. Kf2 Ke5 71.
Ra2 Rb3 72. Ra8 Kd4 73. Rd8+ Kc4 74. Ke2 Rh3 75. Rc8+ 1/2-1/2

[Event "European Rapid 2022"]
[Site "Katowice POL"]
[Date "2022.12.17"]
[Round "6.75"]
[White "Gretarsson, Helgi Ass"]
[Black "Caprino, Marco"]
[Result "1-0"]
[WhiteTitle "GM"]
[WhiteElo "2451"]
[BlackElo "2074"]
[WhiteFideId "2300699"]
[BlackFideId "841323"]
[EventDate "2022.12.17"]

1. d4 Nf6 2. c4 c5 3. d5 b5 4. cxb5 a6 5. bxa6 Bxa6 6. Nc3 d6 7. e4 Bxf1 8. Kxf1
g6 9. g3 Bg7 10. Kg2 O-O 11. Nf3 Nbd7 12. h3 Qb6 13. a4 Rfb8 14. Ra3 Ne8 15. Re1
Nc7 16. Re2 Rb7 17. Bg5 h6 18. Bf4 g5 19. Bc1 Rab8 20. Nd2 Qa6 21. f4 Rb4 22.
fxg5 Rd4 23. Qf1 Ne5 24. Nb3 Nc4 25. Nxd4 cxd4 26. Nb5 Nxa3 27. Nxc7 Qc4 28.
bxa3 Qxc7 29. gxh6 Bf6 30. Bf4 Rb3 31. Qd1 Qc3 32. Rc2 Qd3 33. Qg4+ 1-0

[Event "European Rapid 2022"]
[Site "Katowice POL"]
[Date "2022.12.17"]
[Round "6.76"]
[White "Baliasnyj, Timur"]
[Black "Monroy, Charles"]
[Result "1-0"]
[BlackTitle "IM"]
[WhiteElo "2197"]
[BlackElo "2395"]
[WhiteFideId "12802719"]
[BlackFideId "621641"]
[EventDate "2022.12.17"]

1. Nf3 d5 2. c4 d4 3. e3 c5 4. exd4 cxd4 5. g3 Nc6 6. Bg2 Bf5 7. d3 Qa5+ 8. Bd2
Qb6 9. Qc2 e5 10. O-O Bd6 11. Re1 f6 12. Rc1 Bc5 13. a3 a5 14. Be1 a4 15. Nbd2
Nge7 16. Rab1 O-O 17. Nh4 Be6 18. Ne4 Rfb8 19. Nf3 Qa7 20. Nxc5 Qxc5 21. Nd2 f5
22. Nf3 h6 23. Bd2 e4 24. Bb4 Nxb4 25. axb4 Qd6 26. dxe4 fxe4 27. Qxe4 Bf5 28.
Qxd4 Qxd4 29. Nxd4 Bxb1 30. Rxb1 a3 31. bxa3 Rxa3 32. c5 Rd3 33. Nb5 Nd5 34. Be4
Rd2 35. Kf1 Rf8 36. Ke1 Rfxf2 37. Bxd5+ Kf8 38. Nc3 Rxh2 39. Rc1 Rd3 40. Bxb7
Rxg3 41. Kf1 Rg4 42. Ne2 Rxb4 43. Bg2 Rg4 44. Bf3 Rg6 45. c6 Rf6 46. Kg1 1-0